00842nam a2200253 a 4500001001300000003000900013005001700022008004100039020001000080082001500090100002300105245005900128260004500187300000900232500003500241505001000276650002000286700002300306902000800329942000700337952012700344952010200471999001500573nice12345678IN_TiNIC20260116011850.0050524s1978 newa grp 000 0 eng  ac10000a297.2bTRO aTroll, Christian W aSayyid Ahmad Khan, Reinterpretation of Muslim Theology aNew DelhibVikas Publication Housec1978 a384p aincludes index and biblioraphy2 aIndex aIslam-Doctrines1 aTroll, Christian W bSRS cBK 001040708StackRoom-aHMIbHMId2007-07-11g100.00l1o297.2 TROp09050r2023-09-22s2023-09-21v100.00w2005-05-24yBK 00104070aHMIbHMIcGENd2018-05-31l2o297.2 TROp9774r2019-09-25s2019-08-07w2026-01-16yEB c4560d4560